Fundamentals of marketing

Αποθηκεύτηκε σε:
Λεπτομέρειες βιβλιογραφικής εγγραφής
Κύριος συγγραφέας: Stanton, William J.
Άλλοι συγγραφείς: Etzel, Michael J., Walker, Bruce J.
Μορφή: Βιβλίο
Γλώσσα:English
Δημοσίευση: New York : McGraw-Hill, c1991
Έκδοση:9th ed.
Σειρά:McGraw-Hill series in marketing
Θέματα:
Ετικέτες: Προσθήκη ετικέτας
Δεν υπάρχουν, Καταχωρήστε ετικέτα πρώτοι!

MARC

LEADER 00000cam a2200000 i 4500
001 1/27692
008 950728s1990 eng d
020 |a 0070609527 
035 |l 10022903 
040 |a GR-MY-UA  |b gre  |e aacr 
041 0 |a eng 
082 0 |a 658.8 
100 1 |a Stanton, William J. 
245 1 0 |a Fundamentals of marketing /  |c William J. Stanton, Michael J. Etzel, Bruce J. Walker 
250 |a 9th ed. 
260 |a New York :   |b McGraw-Hill,   |c c1991 
300 |a xxxiii, 668 p.;  |b col. ill.;  |c 26 cm 
490 1 |a McGraw-Hill series in marketing 
504 |a Includes bibliographical references and index 
650 0 0 |a Marketing. 
700 1 |a Etzel, Michael J. 
700 1 |a Walker, Bruce J. 
830 0 |a McGraw-Hill series in marketing 
852 |a INST  |b CHIOS  |e 19950728  |h 658.8 STA  |p 005200004245  |q 005200004245  |t BK  |y 0 
909 |a Χ  |b 027611